000 00634nam a2200181 4500
001 139519
003 ES-MaACL
005 20230906195828.0
007 t|
008 070214s1960 sp r ||||1| spa d
100 1 _aSaupe, Erich.
_9103991
245 1 0 _aAnálisis de los roentgenogramas
_b: iniciación en el diagnóstico roentgenológico /
_cErich Saupe ; publicada por W. Teschendorf ; traducción de Ramón Domínguez.
260 _aBarcelona :
_bLabor,
_c1960.
300 _aXI, 341 p. :
_bil. ;
_c26 cm.
700 1 _aTeschendorf, W.
_9109819
700 1 _aDomínguez, Ramón.
_945178
852 _aES-MaACL
_jC-18214
_bR.46244
999 _c139519
_d139519